College World Series Champions - Statistics

General Stats
  • This quiz has been taken 38 times
  • The average score is 66 of 78
Answer Stats
Year School % Correct
2017 Florida
100%
1949 Texas
100%
1950 Texas
100%
1975 Texas
100%
1983 Texas
100%
2002 Texas
100%
2005 Texas
100%
1991 LSU
97%
1993 LSU
97%
1996 LSU
97%
1997 LSU
97%
2000 LSU
97%
2009 LSU
97%
2023 LSU
97%
2025 LSU
97%
1976 Arizona
93%
1980 Arizona
93%
1986 Arizona
93%
2012 Arizona
93%
1985 Miami (FL)
93%
1990 Georgia
93%
1982 Miami (FL)
93%
1999 Miami (FL)
93%
2001 Miami (FL)
93%
1953 Michigan
93%
1962 Michigan
93%
2024 Tennessee
93%
2014 Vanderbilt
93%
2019 Vanderbilt
93%
2022 Ole Miss
90%
2010 South Carolina
90%
2011 South Carolina
90%
1987 Stanford
90%
1988 Stanford
90%
2013 UCLA
90%
1948 USC
90%
1958 USC
90%
1961 USC
90%
1963 USC
90%
1968 USC
90%
1970 USC
90%
1971 USC
90%
1972 USC
90%
1973 USC
90%
1974 USC
90%
1978 USC
90%
1998 USC
90%
1965 Arizona St
86%
1967 Arizona State
86%
1969 Arizona State
86%
1977 Arizona State
86%
1981 Arizona State
86%
1966 Ohio State
86%
1951 Oklahoma
86%
1994 Oklahoma
86%
2015 Virginia
86%
1947 California
83%
1957 California
83%
2021 Mississippi State
83%
2006 Oregon State
79%
2007 Oregon State
79%
2018 Oregon State
79%
1959 Oklahoma State
76%
2016 Coastal Carolina
72%
1979 Cal State Fullerton
69%
1984 Cal State Fullerton
69%
1995 Cal State Fullerton
69%
2004 Cal State Fullerton
69%
1956 Minnesota
66%
1960 Minnesota
66%
1964 Minnesota
66%
1954 Missouri
59%
2003 Rice
55%
2008 Fresno State
52%
1989 Wichita State
45%
1992 Pepperdine
38%
1955 Wake Forest
38%
1952 Holy Cross
21%
No matching quizzes found
Score Distribution
Percent of People with Each Score
Percentile by Number Answered
Your Score History
You have not taken this quiz